000 00784cab a2200217 4500
001 WB3512-40
008 090401t1999 xxu||||| |||| 00| 0 eng d
035 _a(Sirsi) u92305
041 _aeng
245 _aSuper-viruses threat to farms
260 _c1999
350 _a0
490 _aIndependent on Sunday
_v21 March 1999, 8(1)
520 _aA report commissioned by the government under its Genetically Modified Organisms Research Programme warns that the breeding of crops resistant to common viruses could lead to the creation of more virulent strains which could spread through whole farms as well as wild plants.
650 _aFARMING
650 _aGENETICALLY MODIFIED CROPS
650 _aVIRUSES
690 _aRURAL PRACTICE
942 _n0
948 _c23/03/1999
999 _c58528
_d58528